Satellite images: islands - Statistics

General Stats
  • This quiz has been taken 21 times
  • The average score is 14 of 16
Answer Stats
Picture Answer % Correct
Greenland
100%
Sri Lanka
100%
Cyprus
94%
Great Britain
94%
Iceland
94%
Ireland
94%
Java
94%
North Island
94%
Baffin Island
89%
Crete
89%
New Guinea
89%
Puerto Rico
83%
Sardinia
83%
Bahrain
72%
New Caledonia
67%
Mallorca
56%
No matching quizzes found
Score Distribution
Percent of People with Each Score
Percentile by Number Answered
Your Score History
You have not taken this quiz